[Event "South America-ch (Women)"]
[Site "Lima"]
[Date "2023.09.20"]
[Round "7"]
[White "Contreras Huaman, Fiorella Daiana"]
[Black "Caballero Quijano, Mitzy Mishell"]
[Result "0-1"]
[WhiteElo "1881"]
[BlackElo "1972"]
[PlyCount "92"]
[EventDate "2023.09.14"]
[EventType "swiss"]
[EventRounds "9"]
[EventCountry "PER"]
[SourceTitle "EXT 2024"]
[Source "ChessBase"]
[SourceDate "2023.10.10"]
[SourceVersion "1"]
[SourceVersionDate "2023.10.10"]
[SourceQuality "1"]

1. e4 c5 2. Nc3 Nc6 3. g3 g6 4. Bg2 Bg7 5. d3 d6 6. Nge2 Nf6 7. 0-0 Rb8 8. f4 0-0 9. h3 Nd7 10. g4 b5 11. g5 Nd4 12. Ng3 b4 13. Nd5 e6 14. Ne3 f5 15. gxf6 Qxf6 16. Nc4 Qe7 17. a3 Nb6 18. axb4 cxb4 19. Bd2 Nxc4 20. dxc4 b3 21. cxb3 Nxb3 22. Rb1 Ba6 23. Bc3 Bxc4 24. Rf3 d5 25. Bxg7 Qc5+ 26. Kh2 Kxg7 27. f5 d4 28. Rf4 Qe5 29. Qg4 exf5 30. exf5 Bd3 31. f6+ Rxf6 32. Qd7+ Kh8 33. Rxf6 Qxf6 34. Re1 Rd8 35. Qxa7 Bc4 36. Qa4 Bg8 37. Ne4 Qe5+ 38. Kh1 d3 39. Qb4 d2 40. Rd1 Qxb2 41. Qe7 Rd3 42. Ng5 Qg7 43. Qe4 Rd4 44. Qe3 Rd8 45. Nf3 Qf6 46. Nxd2 Kg7 0-1

[Event "PER-ch (Women)"]
[Site "Lima"]
[Date "2023.08.30"]
[Round "2"]
[White "Contreras Huaman, Fiorella Daiana"]
[Black "Torres Ccahuay, Dayana Nievevska"]
[Result "1-0"]
[WhiteElo "1881"]
[BlackElo "1519"]
[PlyCount "113"]
[EventDate "2023.08.29"]
[EventType "swiss"]
[EventRounds "9"]
[EventCountry "PER"]
[SourceTitle "EXT 2024"]
[Source "ChessBase"]
[SourceDate "2023.10.10"]
[SourceVersion "1"]
[SourceVersionDate "2023.10.10"]
[SourceQuality "1"]

1. e4 e6 2. d4 d5 3. Nc3 Bb4 4. e5 c5 5. a3 Bxc3+ 6. bxc3 c4 7. Qg4 g6 8. h4 Qa5 9. Rh3 Nc6 10. h5 Nge7 11. Ne2 Bd7 12. Bg5 0-0-0 13. Bf6 Rhg8 14. hxg6 hxg6 15. Qg5 Rde8 16. g4 b5 17. Kd1 Kc7 18. Rh7 Rgf8 19. Bg7 Rg8 20. Bh6 Nd8 21. Qh4 Rh8 22. Rxh8 Rxh8 23. Qxe7 Rxh6 24. Rb1 Qb6 25. a4 a6 26. axb5 axb5 27. Ra1 Rh8 28. Bg2 b4 29. cxb4 Rh2 30. Ra8 Nc6 31. Qd6+ Kb7 32. Rf8 Rxg2 33. Qxd7+ Qc7 34. Qxc7+ Kxc7 35. Rxf7+ Kc8 36. c3 Rxg4 37. Nf4 Nd8 38. Rf6 Kd7 39. Nxg6 Rg1+ 40. Kd2 Ra1 41. Nf4 Ra2+ 42. Ke3 Ra3 43. Ne2 Nc6 44. Rf7+ Kc8 45. b5 Nd8 46. Rf8 Kd7 47. f4 Rb3 48. f5 exf5 49. Rxf5 Rxb5 50. Rf6 Ne6 51. Nf4 Nc7 52. Rd6+ Ke7 53. Ng6+ Ke8 54. e6 Rb3 55. Rc6 Rxc3+ 56. Kf4 Kd8 57. e7+ 1-0

[Event "Pan American-ch U20 Girls"]
[Site "Pereira"]
[Date "2022.08.27"]
[Round "8"]
[White "Hilario Huaranca, Aleyla Karen"]
[Black "Contreras Huaman, Fiorella Daiana"]
[Result "1-0"]
[WhiteElo "1899"]
[BlackElo "1948"]
[PlyCount "159"]
[EventDate "2022.08.23"]
[EventType "swiss"]
[EventRounds "9"]
[EventCountry "COL"]
[SourceTitle "CBM 210 Extra"]
[Source "ChessBase"]
[SourceDate "2022.11.30"]
[SourceVersion "1"]
[SourceVersionDate "2022.11.30"]
[SourceQuality "1"]

1. d4 d5 2. c4 c6 3. Nf3 Nf6 4. Nc3 e6 5. g3 dxc4 6. Bg2 Nbd7 7. a4 Bb4 8. 0-0 0-0 9. Qc2 a5 10. e4 e5 11. dxe5 Ng4 12. e6 fxe6 13. Bf4 e5 14. Bg5 Be7 15. Bc1 Qc7 16. h3 Ngf6 17. Nd2 Nc5 18. Nxc4 Be6 19. b3 Nxb3 20. Qxb3 b5 21. axb5 cxb5 22. Nxb5 Qxc4 23. Qb2 Rfb8 24. Na3 Qc5 25. Qe2 Qc8 26. Rd1 Bc5 27. Be3 Bxe3 28. Qxe3 Rb3 29. Rd3 a4 30. Rc1 Qf8 31. Ra1 Rab8 32. Nc2 Bc4 33. Rc3 Rxc3 34. Qxc3 Bb3 35. Na3 Qe7 36. Bf3 Kh8 37. Kg2 Re8 38. Qa5 h6 39. Nb1 Qd8 40. Qb5 Qd4 41. Ra3 Qb2 42. Rxa4 Qxb1 43. Rb4 Qc2 44. Rxb3 Rd8 45. Rb2 Qc7 46. Qa6 Rd7 47. h4 h5 48. Qe6 Rf7 49. Ra2 Kh7 50. Qf5+ g6 51. Qe6 Kg7 52. Ra6 Qe7 53. Rd6 Qxe6 54. Rxe6 Nd7 55. Be2 Rf6 56. Re7+ Rf7 57. Re8 Rf8 58. Rxf8 Nxf8 59. Bc4 Kf6 60. f4 Nd7 61. Kf3 Nb6 62. Bb3 Nd7 63. Ke3 Nc5 64. Bd5 Na4 65. Kd3 Nb2+ 66. Kc2 Na4 67. Kb3 Nc5+ 68. Kc4 Na4 69. Kd3 Nb2+ 70. Kc2 Na4 71. Kb3 Nc5+ 72. Kc4 Na4 73. Bc6 Nb2+ 74. Kd5 exf4 75. gxf4 Nd3 76. Kd6 Nxf4 77. e5+ Kg7 78. Be4 g5 79. hxg5 h4 80. e6 1-0

[Event "FIDE Youth Super Final U14 g"]
[Site "Tornelo INT"]
[Date "2021.12.18"]
[Round "1"]
[White "Contreras Huaman, Fiorella Daiana"]
[Black "Kleymenova, Valeria"]
[Result "1-0"]
[WhiteElo "1931"]
[BlackElo "2024"]
[PlyCount "93"]
[EventDate "2021.12.18"]
[EventType "tourn (rapid)"]
[EventRounds "10"]
[EventCountry "NET"]
[SourceTitle "EXT 2023"]
[Source "ChessBase"]
[SourceDate "2022.10.05"]
[SourceVersion "1"]
[SourceVersionDate "2022.10.05"]
[SourceQuality "1"]

1. d4 d5 2. Nf3 Nf6 3. c3 c5 4. dxc5 e6 5. b4 a5 6. e3 b6 7. a4 axb4 8. cxb4 bxc5 9. b5 c4 10. Be2 Bd7 11. Nc3 Bb4 12. Bd2 0-0 13. 0-0 Qc7 14. Qc2 e5 15. Rfb1 Bc5 16. Na2 g6 17. Rc1 Bf5 18. Qb2 Nbd7 19. Bc3 Rfe8 20. Nb4 Qd6 21. Nc6 Ne4 22. Bxe5 Nxe5 23. Nfxe5 f6 24. Nf3 Nxf2 25. Kxf2 Bxe3+ 26. Kf1 Bxc1 27. Qxc1 Qc5 28. Ncd4 Be4 29. Qa3 Qc7 30. Qc3 Qf4 31. Kg1 Bxf3 32. Bxf3 Re3 33. Bxd5+ Kh8 34. Qxc4 Rae8 35. Nf3 Qd6 36. Qc6 Qf4 37. Qc4 Qd6 38. Bc6 R8e7 39. Rf1 Re2 40. Qd4 Qe6 41. Ng5 Qe3+ 42. Qxe3 R7xe3 43. Rxf6 Kg7 44. Rf1 Ra3 45. b6 Rb2 46. b7 Rc3 47. Bb5 1-0

[Event "FIDE Youth Super Final U14 g"]
[Site "Tornelo INT"]
[Date "2021.12.18"]
[Round "2"]
[White "Kleymenova, Valeria"]
[Black "Contreras Huaman, Fiorella Daiana"]
[Result "0-1"]
[WhiteElo "2024"]
[BlackElo "1931"]
[PlyCount "54"]
[EventDate "2021.12.18"]
[EventType "tourn (rapid)"]
[EventRounds "10"]
[EventCountry "NET"]
[SourceTitle "EXT 2023"]
[Source "ChessBase"]
[SourceDate "2022.10.05"]
[SourceVersion "1"]
[SourceVersionDate "2022.10.05"]
[SourceQuality "1"]

1. d4 d5 2. c4 c6 3. Nf3 Nf6 4. g3 Bf5 5. Nc3 e6 6. Nh4 Bg4 7. h3 Bh5 8. g4 Bg6 9. Nxg6 hxg6 10. g5 Nh5 11. e4 Bb4 12. Bg2 dxc4 13. Be3 Nd7 14. f4 c5 15. d5 e5 16. f5 gxf5 17. exf5 Ng3 18. f6 gxf6 19. g6 Nxh1 20. gxf7+ Kxf7 21. Qg4 Bxc3+ 22. bxc3 Qe7 23. d6 Qe6 24. Qd1 e4 25. Bxh1 Rxh3 26. Ke2 Qg4+ 27. Kd2 Rh2+ 0-1

[Event "Pan American-ch Hybrid U18 Girls 31st"]
[Site "Tornelo INT"]
[Date "2021.09.04"]
[Round "9"]
[White "Benito, De Leo Estefania"]
[Black "Contreras Huaman, Fiorella Daiana"]
[Result "1/2-1/2"]
[WhiteElo "1647"]
[BlackElo "1937"]
[PlyCount "43"]
[EventDate "2021.09.04"]
[EventType "swiss"]
[EventRounds "9"]
[EventCountry "NET"]
[SourceTitle "EXT 2023"]
[Source "ChessBase"]
[SourceDate "2022.10.05"]
[SourceVersion "1"]
[SourceVersionDate "2022.10.05"]
[SourceQuality "1"]

1. e4 c6 2. d4 d5 3. exd5 cxd5 4. c4 Nf6 5. Nc3 Nc6 6. Bg5 dxc4 7. d5 Ne5 8. Qd4 Nd3+ 9. Bxd3 cxd3 10. Nf3 h6 11. Bh4 g5 12. Bg3 Bg7 13. 0-0 0-0 14. Qxd3 b6 15. h4 g4 16. Ne5 Bb7 17. Rad1 a6 18. Qe2 h5 19. Qd2 b5 20. a3 Qb6 21. Qg5 a5 22. Ne2 1/2-1/2

[Event "Pan American-ch Hybrid U18 Girls 31st"]
[Site "Tornelo INT"]
[Date "2021.09.04"]
[Round "4"]
[White "Contreras Huaman, Fiorella Daiana"]
[Black "Garcia Andrada, Heidy Nicole"]
[Result "1/2-1/2"]
[WhiteElo "1937"]
[BlackElo "1922"]
[PlyCount "67"]
[EventDate "2021.09.04"]
[EventType "swiss"]
[EventRounds "9"]
[EventCountry "NET"]
[SourceTitle "EXT 2023"]
[Source "ChessBase"]
[SourceDate "2022.10.05"]
[SourceVersion "1"]
[SourceVersionDate "2022.10.05"]
[SourceQuality "1"]

1. d4 d5 2. Bf4 Nf6 3. e3 g6 4. Nd2 Bg7 5. Be2 c5 6. c3 Nc6 7. h3 0-0 8. Ngf3 Nd7 9. 0-0 e5 10. dxe5 Ndxe5 11. Nxe5 Nxe5 12. Nf3 Nc6 13. Qb3 c4 14. Qd1 h6 15. Qd2 Be6 16. Nd4 Nxd4 17. exd4 Kh7 18. Be5 f6 19. Bh2 Re8 20. Bf3 Qd7 21. Rfe1 h5 22. h4 Bf7 23. Qc2 Rxe1+ 24. Rxe1 Re8 25. Rxe8 Qxe8 26. Kf1 Kg8 27. Bf4 Bf8 28. g3 b5 29. a3 a5 30. Bc7 b4 31. Bxa5 bxa3 32. bxa3 Bxa3 33. Bc7 Qb5 34. Bf4 1/2-1/2

[Event "Pan American-ch Hybrid U18 Girls 31st"]
[Site "Tornelo INT"]
[Date "2021.09.04"]
[Round "7"]
[White "Pena Gonzalez, Clara Isabel"]
[Black "Contreras Huaman, Fiorella Daiana"]
[Result "0-1"]
[WhiteElo "1845"]
[BlackElo "1937"]
[PlyCount "100"]
[EventDate "2021.09.04"]
[EventType "swiss"]
[EventRounds "9"]
[EventCountry "NET"]
[SourceTitle "EXT 2023"]
[Source "ChessBase"]
[SourceDate "2022.10.05"]
[SourceVersion "1"]
[SourceVersionDate "2022.10.05"]
[SourceQuality "1"]

1. e4 c6 2. d4 d5 3. exd5 cxd5 4. Bd3 Nc6 5. c3 Nf6 6. Nf3 Bg4 7. h3 Bh5 8. Bf4 e6 9. Nbd2 Bd6 10. Bxd6 Qxd6 11. Nf1 0-0 12. Ng3 Bg6 13. Qe2 Bxd3 14. Qxd3 Rab8 15. 0-0 b5 16. a3 a5 17. Rfe1 Qc7 18. Ne5 Nxe5 19. Rxe5 Qc4 20. Qd2 b4 21. axb4 axb4 22. f4 bxc3 23. bxc3 Rb3 24. Rc1 Rc8 25. f5 Rxc3 26. Rxc3 Qxc3 27. Qxc3 Rxc3 28. Ne2 Rc6 29. Nf4 g5 30. Nd3 Ne4 31. Nc5 Nxc5 32. dxc5 h6 33. Kf2 Kg7 34. fxe6 fxe6 35. Re1 Kf6 36. Rc1 Ke5 37. Ke2 Kd4 38. Rd1+ Kxc5 39. Kd3 e5 40. Rc1+ Kd6 41. Rf1 e4+ 42. Kd4 Rc4+ 43. Ke3 Ke5 44. Rf8 Rc3+ 45. Kd2 Rg3 46. Rh8 Kd4 47. Rxh6 Rxg2+ 48. Ke1 Ke3 49. Kd1 Kd3 50. Ke1 e3 0-1